000 00659nam a2200193Ia 4500
008 191130s2003##################000#0#eng##
020 _a9781402012549
040 _aACL
_cACL
082 _a153 ROC
100 _aRoco, Mihail C
245 _aConverging technologies for improving human performance: nanotechnology, biotechnology, information technology and cognitive science
_cMihail C. Roco and William Sims bainbridge
260 _aBoston
_bKluwer Academic Publishers
_cc2003
300 _axiii, 467 p
500 _aIncludes Index
650 _aCognitive science
990 _aae97f87cac10000c3211458a1f4f2cac
991 _a221975
999 _c138870
_d138870